Statistics for European Countries With The Highest Crime Rate

Click here to take the quiz!

General Stats

  • This quiz has been taken 91 times
  • The average score is 13 of 15

Answer Stats

RankRateAnswer% Correct
64th46.0United Kingdom
99%
86th39.9Russia
98%
57th47.4Ukraine
95%
44th51.9France
94%
69th44.8Italy
94%
66th45.8Greece
89%
24th59.5Belarus
87%
78th42.5Albania
86%
67th45.5Ireland
85%
54th48.0Sweden
85%
76th42.9Bosnia and Herzegovina
83%
62th46.3Moldova
81%
70th44.5Belgium
77%
84th41.1Montenegro
71%
91th38.7Latvia
68%

Score Distribution

Percentile by Number Answered

Percent of People with Each Score

Your Score History

You have not taken this quiz